Loading...
| History - American | 0 | 4 | 2 | 2 | 30 | 80 | 105.50 | 2 | 2 |
| History - European | 0 | 4 | 2 | 0 | 30 | 118 | 123.50 | 0 | 0 |
| Current Events/Modern World - Mixed/Any | 0 | 2 | 0 | 0 | 20 | 101 | 101.00 | 0 | 2 |
| Current Events/Modern World - Rest of world political | 0 | 2 | 0 | 0 | 20 | 67 | 67.00 | 0 | 2 |
| Current Events/Modern World - Rest of world social | 0 | 2 | 0 | 0 | 20 | 101 | 101.00 | 0 | 0 |
| Current Events/Modern World - United States social | 0 | 2 | 0 | 2 | 20 | 147 | 147.00 | 0 | 0 |
| Current Events/Modern World - Western political | 0 | 2 | 0 | 0 | 20 | 99 | 99.00 | 0 | 0 |
| Art - Painting/Sculpture | 0 | 2 | 0 | 2 | 20 | 133 | 133.00 | 0 | 0 |
| Art - Visual | 0 | 2 | 0 | 2 | 20 | 137 | 137.00 | 0 | 0 |
| Religion - Christianity/Judaism | 0 | 2 | 0 | 0 | 20 | 100 | 100.00 | 0 | 2 |
| Social Science - Economics | 0 | 2 | 0 | 2 | 20 | 130 | 130.00 | 0 | 0 |
| Social Science - Law | 0 | 0 | 2 | 0 | -10 | 0.00 | 0 | 0 | |
| Science - Biology | 0 | 0 | 2 | 0 | -10 | 0.00 | 0 | 0 | |
| History - Other | 0 | 0 | 2 | 0 | -10 | 0.00 | 0 | 0 | |
| History - World | 0 | 0 | 2 | 0 | -10 | 0.00 | 0 | 0 |